[Event "EU-chT (Men) 17th"]
[Site "Novi Sad"]
[Date "2009.10.24"]
[Round "3"]
[White "Hammer, Jon Ludvig"]
[Black "Eljanov, Pavel"]
[Result "1-0"]
[WhiteElo "2585"]
[BlackElo "2717"]
[Annotator "Hammer,J"]
[PlyCount "85"]
[EventDate "2009.10.22"]
[EventType "team-swiss"]
[EventRounds "9"]
[EventCountry "YUG"]
[SourceTitle "CBM 133"]
[Source "ChessBase"]
[SourceDate "2009.11.19"]
[SourceVersion "1"]
[SourceVersionDate "2009.11.19"]
[SourceQuality "1"]
[WhiteTeam "Norway"]
[BlackTeam "Ukraine"]
[WhiteTeamCountry "NOR"]
[BlackTeamCountry "UKR"]

1. e4 e5 2. Nf3 Nc6 3. Bb5 a6 4. Bxc6 dxc6 5. O-O Qd6 (5... Bg4 {is one of the
most popular alternatives. Fressinet played this variation against me in the
first round. Although the game ended in a draw, I got an initiative. Eljanov
prefered the aggressive Qd6-line.}) 6. Na3 Be6 7. Qe2 f6 8. Rd1 Bg4 9. h3 Bh5
10. d4 O-O-O 11. Be3 Qe6 {Both players spent a lot of time in the opening, but
after the game I discovered that everything had been played before! So much
for re-inventing the wheel.} 12. dxe5 Rxd1+ 13. Rxd1 Bxa3 14. bxa3 Ne7 $2 (
14... fxe5 $1 {would have been much better. During the game I thought that I
had strong play with} 15. g4 Bg6 16. Ng5 {but the computer just laughs at my
attack with the strong defensive moves Qe7 and Nd7!} Qe7 $1 ({In the
post-mortem, we had a lot of fun with all the possible variations after fxe5,
one of which was Qxa2. The variations should be played through, but it seems
that our post-mortem conclusion that Qxa2 is bad was just wrong. The position
is equal after some wild lines.} 16... Qxa2 17. Qd3 Nf6 18. c4 b5 (18... b6 19.
Bxb6 $1 cxb6 20. Qd6 Qb2 $3 (20... Qb3 $2 21. Ne6 Kb7 22. Qc7+ Ka8 23. Rd8+
Rxd8 24. Qxd8+ $1 (24. Nxd8 $4 Qd1+ 25. Kh2 Qd7 $19) 24... Ka7 25. Qc7+ Ka8 26.
Qc8+ Ka7 27. Nd8 $18) 21. Ne6 $4 Qxf2+ $1 22. Kxf2 Nxe4+ $17) 19. Ne6 $5 (19.
cxb5 axb5 20. Qc3 (20. Rc1 Qd5 $1) 20... Qc4 21. Qa5 Qa4 $1 22. Qxa4 bxa4 23.
f3 Re8 $11 {[%csl Gg5][%cal Gh7h6]}) 19... bxc4 (19... Qxc4 20. Qxc4 bxc4 21.
f3 Rg8 22. Nc5 $44) 20. Qd8+ Rxd8 21. Rxd8+ Kb7 22. Nc5+ Kb6 (22... Ka7 $4 23.
Nb3+ c5 24. Bxc5+ Kb7 25. Na5#) 23. Rb8+ Ka5 24. Nb7+ Ka4 25. Nc5+ Ka5 $11) 17.
Qc4 Nf6 18. f3 Nd7 $1 $15 {A very important variation for the line, as White's
opening play has been proved to be flawed. Fortunately for me, Eljanov decided
that he needed to get his pieces out ASAP, and erred with Ne7.}) 15. g4 Bf7 16.
Qd3 Ng6 17. exf6 gxf6 18. Nd4 Qc4 (18... Qe8 {would have been better, as Black
still has some counterchances against the weakened white kingside. The
continuation} 19. Bh6 Ne5 {is dangerous for both players.}) 19. Nf5 Qxd3 20.
cxd3 Bxa2 21. f4 $16 {I had to give away my extra pawn, but I improved my pawn
structure, I got decent central control and the f6-pawn is extremely weak. All
in all, White enjoys a clear advantage.} c5 22. Ng7 b6 23. Nh5 Rf8 24. Kf2 Ne7
25. f5 Ng8 26. h4 Bf7 27. Nf4 h6 {White has made good progress since the last
position. The black knight has got into a passive position in order to guard
the weak kingside pawns. Now White's goal is (of course) promotion, and my
plan to achieve this was by re-routing the bishop to the long diagonal,
improving my king's position, and then finally playing Re1 and e5, to clear
the way for the powerful f- and g-pawns. In the meanwhile, Black cannot do
anything constructive. In the game, Eljanov tried to get his queenside pawns
rolling, but that only helped me get even more passed pawns!} 28. Bc1 {[%cal
Gc1b2,Gd1e1,Ge4e5,Gf2f3]} Rd8 29. Bb2 b5 $2 30. Rc1 $1 c4 31. d4 $1 {[%csl Gd4,
Ge4,Gf5,Gg4]} a5 32. Bc3 Kb7 (32... b4 33. axb4 axb4 34. Bxb4 Rxd4 35. Kf3 {
Does not help much, as the black queenside is shattered while White's dominant
centre is still crushing.}) 33. Ke3 Kb6 34. e5 $1 {Steamroller-pawns!} Bd5 35.
Nxd5+ Rxd5 36. Ke4 Rd8 37. g5 $1 hxg5 38. hxg5 fxg5 39. f6 Rf8 40. d5 {No way
I'm gonna allow Nxf6!} b4 41. Bd4+ Kb5 42. a4+ Kxa4 43. Rxc4 {The white pawns
will soon complete their journey across the board, so Eljanov resigned. This
was a very important game in my quest for an individual medal on the first
board. In the end, I managed a silver medal, just behind... Eljanov!} 1-0

[Event "NED-ch53"]
[Site "Rotterdam"]
[Date "1998.07.01"]
[Round "9"]
[White "Van der Weide, Karel"]
[Black "Sokolov, Ivan"]
[Result "0-1"]
[WhiteElo "2450"]
[BlackElo "2625"]
[Annotator "Hecht,H"]
[PlyCount "118"]
[EventDate "1998.06.21"]
[EventType "tourn"]
[EventRounds "11"]
[EventCountry "NED"]
[EventCategory "12"]
[SourceTitle "CBM 066"]
[Source "ChessBase"]
[SourceDate "1998.09.30"]
[SourceVersion "1"]
[SourceVersionDate "1998.09.30"]
[SourceQuality "1"]

1. e4 e5 2. Nf3 Nc6 3. Bb5 a6 4. Bxc6 dxc6 5. O-O Be7 6. Nxe5 Qd4 7. Nf3 Qxe4
8. Re1 Qg6 9. Ne5 Qf5 10. d4 Be6 11. Nc3 O-O-O 12. Ne4 h5 13. c3 h4 14. Qe2 Bd5
15. f3 f6 16. Nd3 g5 17. b3 Nh6 18. c4 Bf7 19. Bb2 Rhe8 20. Qf2 h3 21. g4 Qg6
22. Rad1 Kb8 23. Qg3 f5 24. Ne5 Qh7 25. Nf2 Bg8 26. Qxh3 Bd6 27. Qh5 Rf8 28.
Bc1 Bb4 29. Rf1 Nf7 30. Qxh7 Bxh7 31. Nxf7 Rxf7 32. Bxg5 Re8 33. Bd2 Ba3 34. g5
f4 35. Bc1 Bxc1 36. Rxc1 Bf5 37. Kg2 Rh7 38. Rh1 Rh4 39. Rce1 Rg8 40. Re5 Rxg5+
41. Kf1 Rgh5 42. Ke2 Rg5 43. h3 Rhh5 44. Ng4 b6 45. Kf2 Kb7 46. Kg2 $6 (46. Nf6
$142 $16 Rh4 (46... Rh8 47. h4) 47. b4 $1) 46... Rg8 47. Kf2 Rg6 48. Rh2 Rd6
49. Ke1 Rxd4 50. Rhe2 Rd6 51. Nf2 Rdh6 52. Kd2 c5 53. a4 a5 54. Kc3 Rg6 55. Nd3
Bxd3 56. Kxd3 Rxh3 {[#] Schwarz greift den Bf3 an und bekommt den Te5
nachgeworfen!} 57. Ke4 $2 (57. Rf2 $1) 57... Rd6 {[%csl Rb3,Rf3][%cal Rd6d4]}
58. Rf2 $4 Rd4+ 59. Kf5 Rh5+ (59... Rh5+ 60. Kf6 Rd6+ 61. Re6 Rh6+ $19) 0-1

[Event "FRA-ch"]
[Site "Meribel"]
[Date "1998.08.27"]
[Round "14"]
[White "Guigonis, Dominique"]
[Black "Chabanon, Jean Luc"]
[Result "1/2-1/2"]
[WhiteElo "2315"]
[BlackElo "2490"]
[Annotator "Hecht,H"]
[PlyCount "87"]
[EventDate "1998.08.14"]
[EventType "tourn"]
[EventRounds "15"]
[EventCountry "FRA"]
[EventCategory "10"]
[SourceTitle "CBM 067"]
[Source "ChessBase"]
[SourceDate "1998.11.30"]
[SourceVersion "2"]
[SourceVersionDate "1998.11.01"]
[SourceQuality "1"]

1. e4 e5 2. Nf3 Nc6 3. Bb5 a6 4. Bxc6 dxc6 5. d4 exd4 6. Qxd4 Qxd4 7. Nxd4 Bd7
8. Nc3 O-O-O 9. Bg5 f6 10. Be3 Bb4 11. O-O-O Bxc3 12. bxc3 Ne7 13. Bf4 c5 14.
Nb3 b6 15. h4 a5 16. h5 a4 17. Nd2 Be6 18. f3 Bxa2 19. c4 a3 20. Rhe1 Nc6 21.
Re3 Nd4 22. Rde1 Bb1 23. Rxa3 Nxc2 24. Ra8+ Kb7 25. Rxd8 Rxd8 26. Rh1 Na3 27.
Nxb1 Nxc4 28. Nd2 Na5 29. e5 fxe5 30. Bxe5 Rxd2 31. Kxd2 Nc4+ 32. Kc3 Nxe5 33.
Re1 Nc6 34. Re8 b5 35. Rg8 b4+ 36. Kd2 (36. Kc4 $5 {Wer entdeckt besseres für
Schwarz als das hier:} Na5+ (36... Ne5+ 37. Kb3 Kc6 (37... g6 38. f4 Nd3 39.
hxg6 (39. Rxg6 Nxf4 (39... hxg6 40. h6 $18) 40. Rh6 Ne2 41. Rxh7 Nd4+ 42. Kc4
b3 43. Kc3 c4 44. Re7 $18) 39... hxg6 40. g3 Kc6 41. Rxg6+ Kb5 42. Re6 c4+ 43.
Kc2 b3+ 44. Kc3 b2 45. Kc2 c3 $13 {[%cal Rd3b4,Rb5c4,Rc4b3] Analyse!}) 38. Rxg7
Kb5 39. Rxh7 c4+ 40. Kc2 Nd3 41. Rxc7 b3+ 42. Kc3 $18) 37. Kb5 b3 38. Re8 c4
39. Kb4 b2 40. Re1 Nb3 41. Rb1 $18) 36... c4 37. Rxg7 c3+ 38. Kd3 h6 39. f4 Nd4
40. Rd7 Ne6 41. Kc2 Kc6 42. Rd1 Nxf4 43. g4 Ne6 44. Rg1 $13 {[%cal Rg4g5]
Analyse!} 1/2-1/2

[Event "FRA-ch"]
[Site "Meribel"]
[Date "1998.08.28"]
[Round "15"]
[White "Prie, Eric"]
[Black "Guigonis, Dominique"]
[Result "1-0"]
[WhiteElo "2465"]
[BlackElo "2315"]
[Annotator "Hecht,H"]
[PlyCount "79"]
[EventDate "1998.08.14"]
[EventType "tourn"]
[EventRounds "15"]
[EventCountry "FRA"]
[EventCategory "10"]
[SourceTitle "CBM 067"]
[Source "ChessBase"]
[SourceDate "1998.11.30"]
[SourceVersion "2"]
[SourceVersionDate "1998.11.01"]
[SourceQuality "1"]

1. e4 e5 2. Nf3 Nc6 3. Bb5 a6 4. Bxc6 dxc6 5. O-O Bg4 6. h3 h5 7. d3 Qf6 8.
Nbd2 Bc5 9. Nc4 Bxf3 10. Qxf3 Qxf3 11. gxf3 Bd6 12. f4 exf4 13. Nxd6+ cxd6 14.
Bxf4 Kd7 15. Bd2 Ne7 16. Bc3 Rhg8 17. f3 f6 18. Kf2 Ke6 19. Rg1 g6 20. Ke3 b5
21. d4 Rab8 22. a3 Ra8 23. Ba5 Raf8 24. Rac1 f5 25. Bd2 Rf7 26. Ke2 fxe4 27.
fxe4 Rgf8 28. Rg2 Rf3 29. Rh1 c5 30. d5+ Ke5 31. Re1 Rxh3 32. Bc3+ Rxc3 33.
bxc3 {[#] Taktisch schlecht stehende schwarze Figuren. Die verdoppelten Türme
dringen in die schwarzue Stellung ein und erobern den Springer.} Rf4 34. Kd2
Kf6 35. Ke3 Rh4 36. Rf1+ Kg7 37. Rgf2 Rh3+ 38. Kd2 Kh6 39. Rf7 Nc8 (39... Ng8
40. e5 dxe5 41. d6 $18) 40. Rb7 1-0

[Event "RUS-Cup02"]
[Site "Moscow"]
[Date "1998.??.??"]
[Round "8"]
[White "Yandemirov, Valeri"]
[Black "Kodinets, Konstantin L"]
[Result "1-0"]
[WhiteElo "2545"]
[BlackElo "2405"]
[Annotator "Hecht,H"]
[PlyCount "100"]
[EventDate "1998.01.21"]
[EventType "swiss"]
[EventRounds "9"]
[EventCountry "RUS"]
[SourceTitle "CBM 063"]
[Source "ChessBase"]
[SourceDate "1998.03.26"]
[SourceVersion "1"]
[SourceVersionDate "1998.03.26"]
[SourceQuality "1"]

1. e4 e5 2. Nf3 Nc6 3. Bb5 a6 4. Bxc6 dxc6 5. Nc3 f6 6. d4 exd4 7. Nxd4 c5 8.
Nde2 Qxd1+ 9. Nxd1 Be6 10. Bf4 O-O-O 11. Ne3 c4 12. Rd1 Rxd1+ 13. Nxd1 Bc5 14.
Be3 Bxe3 15. Nxe3 Ne7 16. Nd4 Bf7 17. c3 Re8 18. Ndf5 Nc6 19. Nxg7 Rxe4 20. Kd2
Bg6 21. h4 Re7 22. Ngf5 Rd7+ 23. Ke2 Ne5 24. h5 Bxf5 25. Nxf5 Nd3 26. b3 cxb3
27. axb3 {[#] Motto: Der betrogene Betrüger! Taktisches Endspiel mit doppelter
Springergabel und Bauerndurchbruchpointe. Dafür eine Endspielmedaille} a5 28.
g4 Nc5 29. b4 axb4 30. cxb4 Nd3 31. b5 Kb8 32. Rb1 Ka7 33. Ne3 Kb6 34. Kf3 Rd4
35. Kg3 Ne5 36. f4 {[#]} Rd3 $6 (36... Nd3 $1 {[%csl Rb5,Rf4]} 37. Rd1 $5 Nxf4
(37... Kxb5 $5) 38. Rxd4 Ne2+ 39. Kf3 Nxd4+ 40. Ke4 Kc5 41. Nd5 $132 {[%csl
Rc7,Rf6,Rh7]}) 37. Kf2 Rd2+ $2 38. Kf1 Nf3 (38... Rd3 39. Ke2 Rxe3+ 40. Kxe3
Nxg4+ 41. Ke4 $18) 39. Nc4+ Kc5 40. Nxd2 Nxd2+ 41. Ke1 Nxb1 42. g5 fxg5 43.
fxg5 Na3 (43... Kd6 44. g6 hxg6 45. h6 $18) (43... Nc3 44. g6 hxg6 45. h6 $18)
44. g6 Nc2+ 45. Kd2 hxg6 46. hxg6 Nd4 47. g7 Kxb5 48. g8=Q c5 49. Kc3 Ne2+ 50.
Kd3 Nd4 1-0

[Event "Capablanca Memorial Elite 31st"]
[Site "Cienfuegos"]
[Date "1996.??.??"]
[Round "2"]
[White "Arencibia Rodriguez, Walter"]
[Black "Garcia, Gildardo"]
[Result "1-0"]
[WhiteElo "2515"]
[BlackElo "2525"]
[Annotator "Kantsler,B"]
[PlyCount "123"]
[EventDate "1996.05.??"]
[EventType "tourn"]
[EventRounds "13"]
[EventCountry "CUB"]
[EventCategory "12"]
[SourceTitle "CBM 054"]
[Source "ChessBase"]
[SourceDate "1996.10.01"]
[SourceVersion "1"]
[SourceVersionDate "1996.10.01"]
[SourceQuality "1"]

1. e4 {Wedberg} e5 2. Nf3 Nc6 3. Bb5 a6 4. Bxc6 dxc6 5. O-O Qd6 6. Na3 Be6 7.
Ng5 Bd7 (7... Ne7 $6 8. d3 Ng6 9. Nxe6 Qxe6 10. Nc4 Bc5 11. Be3 Bxe3 12. Nxe3
O-O 13. a4 Rad8 14. a5 $14 {Ivanchuk,V-Short,N/Amsterdam/1994/1:0/48/Inf 60/
324/}) 8. Nc4 (8. d3 f6 9. Nc4 Qe7 10. Nf3 Qf7 11. Be3 Be6 12. Nfd2 Ne7 13. b4
Ng6 14. Rb1 b6 $13 {Rozentalis,E-Almasi,Z/GER/1995/0:1/84/}) 8... Qe7 (8... Qg6
9. d3 (9. f4 f6 10. Nf3 Qxe4 11. d3 Bc5+ 12. Kh1 Qd5 13. fxe5 O-O-O 14. Be3 Ne7
$13 {Bus,M-Malaniuk,V/Copenhagen Unibank (2) 1991/1/2-1/2 (83)}) (9. d4 {
Wedberg} f6 10. f4 exf4 (10... fxg5 11. Nxe5 Qe6 12. fxg5 $44) 11. Nf3 {
1-0 Brynell,S-Barkhagen,J/SVE-ch (08) 1991 (32)} Qf7 12. b3 g5 $13) 9... f6 10.
Nf3 O-O-O (10... Ne7 {Wedberg} 11. Be3 Bg4 12. Ncd2 Qh5 13. h3 Be6 14. d4 exd4
15. Nxd4 Qxd1 16. Rfxd1 Bf7 17. N2b3 Nc8 18. Bf4 Bd6 19. Bxd6 Nxd6 $10 {
1/2-1/2 Malisauskas,V-Romanishin,O/Novy Smokovec 1992 (36)}) 11. a4 h5 12. Be3
h4 13. Ne1 Be6 14. b3 Bb4 $15 {Khmelnitsky,I-Romanishin,O/Herson/1989/1:0/61/})
9. d4 f6 10. Nf3 exd4 (10... O-O-O 11. dxe5 Bg4 12. Qe2 fxe5 13. h3 Bxf3 (13...
Bh5 $2 14. g4 $16) 14. Qxf3 $14) 11. Qxd4 c5 (11... Qc5 $142 {Wedberg}) 12. Qc3
O-O-O 13. Re1 Qf7 14. Be3 (14. Bf4 $6 g5 15. Bg3 h5 16. h4 g4 $132) 14... Nh6
15. Rad1 (15. Bxh6 $6 gxh6 $132) 15... Be7 (15... Be6 {Wedberg} 16. Rxd8+ Kxd8
17. Na5 $16) (15... Ng4 {Wedberg} 16. Bf4 g5 17. Bg3 h5 18. h3 h4 19. Bxc7 Kxc7
20. Qa5+ Kc8 21. Nb6+ Kb8 22. hxg4 $16) 16. Bf4 {[%csl Rc7][%cal Yc3a5]} g5 17.
Bg3 Qe6 (17... Be6 $2 18. Qa5 Rxd1 19. Rxd1 Bf8 (19... Bd8 20. Qxc5 Bxc4 21.
Qa7 $18) 20. Nb6+ cxb6 21. Qxb6 $18) (17... Bb5 {Wedberg} 18. Qa5 $16 b6 $2 19.
Nxb6+ cxb6 20. Qxb6 $18) 18. Qa5 Qc6 19. Ne3 $1 Be6 20. Nd5 $16 Rd7 (20... Bxd5
21. exd5 Qd7 22. Bxc7 $16) 21. Nxe7+ Rxe7 22. e5 fxe5 23. Rxe5 b6 24. Qxa6+ Kb8
25. Nxg5 Bc8 26. Qd3 Rxe5 27. Bxe5 Rg8 $5 {/^a8-h1,><g2/} 28. Qe4 $1 (28. f4 $6
Nf7 $1 29. Nf3 (29. Qxh7 $2 Rxg5 30. fxg5 Nxe5 $13) (29. Qe4 $6 Nxe5 $1 30.
fxe5 Bb7 $17) 29... Bb7 30. Rf1 Nxe5 31. fxe5 Qh6 $44) 28... Qxe4 29. Nxe4 Re8
30. f4 (30. Bf4 $2 Rxe4 31. Bxh6 Re2 $44) 30... Ng4 31. Nf6 Nxf6 32. Bxf6 Re2
33. Rd8 $1 Kb7 (33... Rxc2 $2 34. Rh8 $18) 34. Rg8 (34. c4 $6 Bf5 $132) 34...
Rxc2 35. Rg7 Bf5 36. Be5 Kc6 37. Rxc7+ Kd5 38. Rg7 Be4 39. h3 b5 40. a3 b4 41.
axb4 cxb4 42. Rg5 Ke6 43. Bd4 $1 Kf7 (43... Bg6 44. g4 $16) 44. f5 Rd2 45. Bh8
b3 46. g4 Kf8 47. Bg7+ Kf7 48. Bc3 Rg2+ 49. Kf1 Kf8 50. Rg7 Rg3 51. Rxh7 Rxc3 (
51... Bg2+ 52. Kf2 Rxh3 53. Rxh3 Bxh3 54. Kg3 $18) 52. bxc3 b2 53. Rh8+ Ke7 54.
Rb8 $18 b1=Q+ 55. Rxb1 Bxb1 56. Kf2 Kd6 57. h4 Ke5 58. h5 Ba2 (58... Kf4 $2 59.
h6 $18) 59. h6 Bg8 (59... Kf6 60. g5+ $18) 60. Ke3 Bh7 61. c4 Bg8 62. c5 1-0

[Event "IND-ch 55th"]
[Site "Patna"]
[Date "2017.11.06"]
[Round "9"]
[White "Himanshu, Sharma"]
[Black "Karthikeyan, Murali"]
[Result "0-1"]
[WhiteElo "2510"]
[BlackElo "2578"]
[Annotator "Karthikeyan,M"]
[PlyCount "128"]
[EventDate "2017.10.28"]
[EventType "swiss"]
[EventRounds "13"]
[EventCountry "IND"]
[EventCategory "10"]
[SourceTitle "CBM 182"]
[Source "ChessBase"]
[SourceDate "2018.01.17"]
[SourceVersion "1"]
[SourceVersionDate "2018.01.17"]
[SourceQuality "1"]

1. e4 e5 2. Nf3 Nc6 3. Bb5 a6 4. Bxc6 dxc6 5. Nc3 $5 (5. O-O {This is the main
line where Black has different options to play. They are:} Bg4 (5... f6) (5...
Bd6) (5... Qd6) (5... Qf6)) 5... f6 (5... Qf6 6. d4 Qg6 (6... exd4 7. Bg5 Qd6 (
7... Qg6 8. Qxd4 f6 9. O-O-O $14) 8. Qxd4 Qxd4 9. Nxd4 $14) 7. dxe5 Qxg2 8. Rg1
Qh3 9. Bf4 $14) 6. d4 {Otherwise Black plays ...c5 and White doesn't have a
clear plan to follow.} exd4 7. Nxd4 $6 (7. Qxd4 Qxd4 8. Nxd4 Bd7 $11 {
transposes to a typical Ruy Lopez Exchange ending.}) 7... c5 8. Nde2 (8. Nb3
Qxd1+ 9. Nxd1 Be6 $15 {and Black has no issues to worry about.}) 8... Qxd1+ 9.
Nxd1 Be6 (9... Bd7 10. Bf4 O-O-O 11. Ne3 $11 {the light-squared bishop doesn't
have much scope on d7.}) 10. Bf4 (10. Ndc3 $5 O-O-O 11. Be3 b6 {[%cal Gg8e7]
To develop the g8-knight} 12. a4 a5 $15 {and Black is trying for an advantage.}
) 10... O-O-O $15 11. h4 (11. Ne3 Ne7 (11... g5 12. Bg3 Ne7 13. h4 Bg7 14. Rd1
$11) 12. h4 {transposes to the game.} (12. Rd1 Rxd1+ 13. Kxd1 g5 14. Bg3 f5 {
is the point} 15. Nxf5 Nxf5 16. exf5 Bxf5 $15)) 11... Ne7 (11... f5 12. exf5 (
12. e5 Ne7 13. Bg3 g6 14. f4) 12... Bxf5 13. Ne3 Be6 14. f3 $132 {Black has
good chances but White can defend in the long run.}) 12. Ne3 Nc6 (12... f5 {
is possible but not necessary here:} 13. Rd1 (13. e5 Nc6 14. Bg3 g6 15. f4 h5
$15 {[%csl Ye2,Ye3,Yg3]}) 13... Rxd1+ (13... Re8 14. Nd5 Nxd5 15. exd5 Bd7 16.
Kd2 {and White escapes}) 14. Kxd1 fxe4 15. Nc3 $11) 13. h5 $6 (13. Rd1 Rxd1+ (
13... Be7 14. Rxd8+ Rxd8 15. Nc3 $132) 14. Kxd1 b5 $15) 13... c4 (13... Nd4 14.
f3 $11 {and White develops his pieces.}) (13... Ne5 14. Bg3 (14. Bxe5 fxe5 15.
Nf5 Rg8 $15) 14... Nc4 15. Nxc4 Bxc4 16. f3 $132 {this could also be played
but Black first develops his pieces before making any further breaks.}) 14. Rd1
(14. f3 Bc5 $15 {[%cal Gh8e8,Gf6f5]}) 14... Bc5 15. c3 (15. Rxd8+ $5 Rxd8 16.
c3 b5 17. Nf5 Bxf5 18. exf5 h6 $15) 15... b5 16. a3 $6 (16. Rxd8+ Rxd8 17. Nf5
g5 18. hxg6 hxg6 $15) (16. Ng3 Kb7 17. Rxd8 Rxd8 18. Ke2 $132 {[%cal Gg3f5] is
not easy to play with White.}) 16... Kb7 (16... g5 17. hxg6 hxg6 18. Rxd8+ Rxd8
19. Rh6 $11 {and White develops his last piece.}) 17. Nc1 $6 (17. O-O Rhe8 (
17... Bxe3 18. Bxe3 Bg4 19. f3 Bxh5 20. Nd4 $15 {as we have opposite-coloured
bishops, White is near to equality.}) 18. Rxd8 Rxd8 $17 {[%csl Ya3,Yb2,Yc3]}) (
17. h6 g5 $17) (17. Rxd8 Rxd8 18. Nf5 Bxf5 (18... Rd7 19. Be3 $11) (18... g5
19. hxg6 hxg6 20. Nfd4 Bxd4 21. cxd4 Nxd4 22. Nxd4 Rxd4 23. f3 {White can
clearly try for equality in this line}) 19. exf5 h6 20. g4 {obviously Black is
better but this is White's best chance} Kb6 $15 {and Black has tries like ...
Rd7, ...Ka5, ...Ka4! etc.}) 17... Rde8 (17... g5 $5 18. hxg6 hxg6 19. Rxh8 (19.
Rxd8 {now there is no check!} Rxh1+ $19) 19... Rxh8 20. Ke2 Ne7 $17 {was
another way to get an advantage.}) 18. f3 $6 (18. Ne2 $5 Rhf8 $15 {[%cal Gf6f5]
and Black carries his plan.}) 18... f5 19. exf5 (19. Nd5 fxe4 20. Nxc7 exf3 21.
gxf3 Re7 22. Nxe6 Rxe6+ 23. Kf1 Re7 $17) (19. Kf2 fxe4 20. fxe4 Rhf8) 19...
Bxf5 20. Kd2 $2 (20. Kf2 Rhf8 21. Rhe1 Bc2 22. Rd5 Bb6 23. g3 Bb1 24. Rd2 Ne5
$17) 20... Rhf8 $2 (20... Bb1 $5 21. Rhe1 Rhf8 22. Bg3 Rxe3) (20... Rxe3 {
was the simplest} 21. Bxe3 Rd8+ 22. Bd4 (22. Ke2 Re8) 22... Nxd4 23. cxd4 Bxd4
24. b3 (24. Ke2 Re8+ 25. Kf1 Bxb2 $19 {is just too much pawns}) 24... Bb2+ (
24... c3+ 25. Ke2 Bc2 $19 {is also clear}) 25. Ke2 Re8+ 26. Kf2 Bxc1 27. Rxc1
cxb3 28. Rc3 b2 29. Rb3 b1=Q 30. Rbxb1 Bxb1 31. Rxb1 c5 $19 {is clearly
winning for Black.}) 21. Nxf5 Rxf5 22. g3 Ne7 (22... Ne5 23. Rdf1 $17 {and
Black doesn't get the pawn immediately.}) 23. Kc2 $6 (23. Rde1 $5 Rd8+ 24. Kc2
Nd5 25. Re5 Rxe5 26. Bxe5 Rd7 $17 {and Black stays on top.}) 23... Nd5 24. g4
Rxf4 25. Rxd5 Bd6 (25... Bf8 26. h6 g6 27. Rd7 Re7 28. Rxe7 Bxe7 29. Rh3 $17 {
is a slow ending for Black.}) 26. Rg5 (26. Rf5 Rxf5 27. gxf5 h6 $19 28. Rg1 Re3
29. Rxg7 Rxf3 30. Rh7 Rxf5 31. Rxh6 Rf2+ 32. Kb1 Rf1 {and Black wins.}) 26...
Bf8 27. Rf1 Re3 28. Kd2 (28. Rf5 Rxf5 29. gxf5 Re5 30. h6 gxh6 31. f4 Rxf5 $17)
28... Rexf3 29. Rxf3 Rxf3 30. Ne2 Rf6 (30... Rf7 31. Rf5 {transposes.}) (30...
g6 31. hxg6 Bh6 32. g7 $11) 31. Rf5 Rxf5 32. gxf5 Kc6 33. Ke3 (33. Nd4+ Kd5 34.
Ne6 Bd6 35. Nxg7 Bf4+ 36. Kc2 Ke5 $19) 33... Be7 34. Ke4 Bg5 (34... Kd6 {
also wins.}) 35. Ke5 Kd7 36. a4 c6 37. axb5 axb5 (37... cxb5 38. Kd5 {Black
should also win this but axb5 was the simplest.} h6 $19) 38. Ke4 Kd6 39. Nd4 (
39. Nf4 Bxf4 40. Kxf4 Ke7 41. Ke5 h6 42. Ke4 Kf6 43. Kf4 c5 44. Ke4 Kg5 $19)
39... Bc1 40. b3 cxb3 41. Nxb3 Bg5 42. Na5 (42. Kd4 Bf6+ 43. Kd3 Kd5 $19) 42...
Kc5 43. Kd3 h6 44. c4 bxc4+ 45. Nxc4 Kd5 46. Na5 Bd8 47. Nb3 (47. Nc4 Bf6 48.
Na5 c5 49. Nc4 Bd4 $19) 47... c5 48. Nd2 Ke5 49. Kc4 Be7 50. Nb3 Kxf5 51. Kd5
Kg4 52. Ke6 c4 53. Na5 c3 54. Kxe7 Kxh5 55. Ke6 c2 56. Nb3 Kg4 57. Ke5 h5 58.
Kd4 h4 59. Ke3 Kg3 60. Nc1 h3 61. Ne2+ Kg2 62. Nf4+ Kf1 63. Kd2 h2 64. Nh5 Kf2
0-1